000 00423nam a22001457a 4500
999 _c17128
_d17128
008 180810b xxu||||| |||| 00| 0 eng d
020 _a818061428x
050 _aQp40
_b.M35 2005 c.1
100 _aMakwana Jayant J.
245 _aMCQsw in Physiology
_bWith Explanatory Answers
260 _aNew Delhi
_bJaypee
_c2005
300 _a225p.
650 _aphysiology
_vproblems, exercises, and examinations
942 _2lcc
_cBK